|
|
|
|
| LEADER |
01181nam a2200169Ia 4500 |
| 001 |
57261 |
| 008 |
170722s9999 xx 000 0 und d |
| 100 |
|
|
|a Panmanabapillai, Kainikkara
|
| 245 |
|
|
|a Kalvariyila Kalppapadapam. /
|
| 260 |
|
|
|c 1967.
|
| 942 |
|
|
|c GEN
|
| 999 |
|
|
|c 63272
|d 63272
|
| 952 |
|
|
|0 0
|1 0
|4 0
|6 O_322M98K_G8G82G83G84G85G86_KRKRTB
|7 0
|9 89988
|a LIB
|b LIB
|d 2017-08-12
|o O32,2M98,K G8-G8;2,G8:3,G8;4;G8;5-G8;6 (KR)(KR)(TB)
|p 99316
|r 2017-08-12
|w 2017-08-12
|y GEN
|
| 952 |
|
|
|0 0
|1 0
|4 0
|6 O_322M98K_G8G82G83G84G85G86_KRKRTB
|7 0
|9 89989
|a LIB
|b LIB
|d 2017-08-12
|o O32,2M98,K G8-G8;2,G8:3,G8;4;G8;5-G8;6 (KR)(KR)(TB)
|p 110693
|r 2017-08-12
|w 2017-08-12
|y GEN
|
| 952 |
|
|
|0 0
|1 0
|4 0
|6 O_322M98K_G8G82G83G84G85G86_KRKRTB
|7 0
|9 89990
|a LIB
|b LIB
|d 2017-08-12
|o O32,2M98,K G8-G8;2,G8:3,G8;4;G8;5-G8;6 (KR)(KR)(TB)
|p 135090
|r 2017-08-12
|w 2017-08-12
|y GEN
|
| 952 |
|
|
|0 0
|1 0
|4 0
|6 O_322M98K_G8G82G83G84G85G86_KRKRTB
|7 0
|9 89991
|a LIB
|b LIB
|d 2017-08-12
|o O32,2M98,K G8-G8;2,G8:3,G8;4;G8;5-G8;6 (KR)(KR)(TB)
|p 225183
|r 2017-08-12
|w 2017-08-12
|y GEN
|
| 952 |
|
|
|0 0
|1 0
|4 0
|6 O_322M98K_G8G82G83G84G85G86_KRKRTB
|7 0
|9 89992
|a LIB
|b LIB
|d 2017-08-12
|l 1
|o O32,2M98,K G8-G8;2,G8:3,G8;4;G8;5-G8;6 (KR)(KR)(TB)
|p 225186
|r 2018-09-22
|s 2018-09-05
|w 2017-08-12
|y GEN
|